McGraw-Hill dictionary of materials science

Đã lưu trong:
書目詳細資料
格式: 圖書
語言:Undetermined
出版: New York McGraw-Hill 2003
主題:
標簽: 添加標簽
沒有標簽, 成為第一個標記此記錄!
Thư viện lưu trữ: Trung tâm Học liệu Trường Đại học Cần Thơ
LEADER 00472nam a2200181Ia 4500
001 CTU_57635
008 210402s9999 xx 000 0 und d
020 |b 299000 
082 |a 620.1103 
082 |b M147 
245 0 |a McGraw-Hill dictionary of materials science 
260 |a New York 
260 |b McGraw-Hill 
260 |c 2003 
650 |a materials sciences 
650 |x dictionaries 
904 |i Minh 
980 |a Trung tâm Học liệu Trường Đại học Cần Thơ